Missionnaires italiens et enseignement en Égypte (1890-1970) : de la pastorale migratoire à la coopération /
By focusing on the Salesian mission in Egypt, this book adds an Italian dimension to the study of the Christian missionary phenomenon in the Near East and addresses a little-known educational sector, namely vocational education. Drawing on unpublished archives in several languages and oral interview...
Main Author:
Format: Book
Language: French
Published:
Cairo :
Institut français d'archéologie orientale,
2025.
Series:
Recherches d'archéologie, de philologie et d'histoire ;
v 49.
Bibliothèque des écoles françaises d'Athènes et de Rome ;
v 406.
Subjects:
Tags: Add Tag
Call Number: DT57 .C14 v.49
| LEADER | 02179nam a22002777a 4500 | ||
|---|---|---|---|
| 003 | OSt | ||
| 005 | 20260603131607.0 | ||
| 008 | 260427t2025||||ua bad |||||||||| ||fre|| | ||
| 020 | |a 9782724710816 | ||
| 050 | 1 | 4 | |a DT57 |b .C14 v.49 |
| 100 | 0 | |a Turiano, Annalaura |d Author. | |
| 245 | 1 | 0 | |a Missionnaires italiens et enseignement en Égypte (1890-1970) : |b de la pastorale migratoire à la coopération / |c Annalaura Turiano. |
| 264 | 1 | |a Cairo : |b Institut français d'archéologie orientale, |c 2025. | |
| 300 | |a xxiv,470 pages : |b color illustrations, color maps ; |c 24 cm . | ||
| 490 | 0 | |a RAPH ; |v 49 | |
| 500 | |a Includes bibliographical references. | ||
| 520 | |a By focusing on the Salesian mission in Egypt, this book adds an Italian dimension to the study of the Christian missionary phenomenon in the Near East and addresses a little-known educational sector, namely vocational education. Drawing on unpublished archives in several languages and oral interviews, the author examines a century of missionary presence, tracing the careers of several generations of students and showing how the mission's vocational schools encouraged the formation of small family businesses and trade communities up until the 1970s.Through an analysis of Salesian institutions in Alexandria, Cairo and the Suez Canal cities (Port Said, Suez et Ismailia), the book explores the development of technical and vocational education in colonial and independent Egypt, its economic and political dimensions, and the impetus it received during the Nasser years. Finally, the Salesian activity in Egypt is placed in a wider historical context: the history of migrations and Italy's colonial ambitions in the Mediterranean, the transnational history of Catholicism and the social history of education. | ||
| 610 | |a Salesians |x Missions |z Egypt. | ||
| 650 | 4 | |a Missionaries |z Italy |v Biography. | |
| 650 | 4 | |a Missions, Italian |z Egypt. | |
| 650 | 4 | |a Missions, Italian. | |
| 830 | |a Recherches d'archéologie, de philologie et d'histoire ; |v v 49. | ||
| 830 | |a Bibliothèque des écoles françaises d'Athènes et de Rome ; |v v 406. | ||
| 901 | |a reviewed | ||
| 942 | |2 lcc |c BK | ||
| 999 | |c 61895 |d 61895 | ||
